|
|
|
|
| LEADER |
00000nab a2200000uu 4500 |
| 001 |
vtls011487392 |
| 003 |
SK-MaSNL |
| 005 |
20260303105352.0 |
| 008 |
230121|2008 xo |||||||||||||||||slo| |
| 015 |
|
|
|a SNBRB
|
| 035 |
|
|
|a (urnnbn)urn:nbn:sk:snk:ar-007bat
|
| 035 |
|
|
|a (uuid)3f99110e-6fa8-493f-9dd6-fbb133317017
|
| 035 |
|
|
|a urn:nbn:sk:snk-abdday
|
| 040 |
|
|
|a SNKBUCL
|b slo
|c SNKBUCL
|e AACR2
|
| 041 |
0 |
|
|a slo
|
| 044 |
|
|
|a xo
|c SK
|
| 100 |
1 |
|
|a Gúthová, Marta
|4 aut
|9 71861
|
| 245 |
1 |
0 |
|a Jednostranný postoj
|c M. Gúthová
|
| 773 |
0 |
|
|t Rehabilitácia : odborný časopis pre otázky liečebnej, pracovnej, psychosociálnej a výchovnej rehabilitácie
|g Roč. 45, č. 3 (2008), s. 190-191
|
| 954 |
|
|
|a odborná, vedecká literatúra pôvodná (slovenská)
|2 lita
|
| 958 |
|
|
|a OND
|
| 958 |
|
|
|a EUIPO
|
| 958 |
|
|
|a article18
|
| 999 |
|
|
|c 1862607
|d 1864537
|